Polskie marki samochodów - Statystyki

Ogólne statystyki
  • Ten quiz został rozwiązany 152 razy
  • Średni wynik to 3 z 18
Statystyki odpowiedzi
Czas istnienia/
Data założenia
Marka % Poprawnych
1950 FSO
81%
1952-2008 Jelcz
48%
1948-2006 Star
46%
1948-1992 FSM/WSM
38%
1952-2003 Nysa/ZSD
35%
2020 Izera
26%
1893-2003 Ursus
20%
2010 Garin/Arrinera
9%
1918-1928 CWS
7%
1953-1996 Polmo
6%
2013-2022 FSE
5%
1971 Melex
4%
1928-1939 PZInż
4%
1994-2001 Neoplan
3%
2019 eVANPL
2%
1866-1944 LRL
2%
1924-1939 Towarzystwo Budowy Samochodów AS
2%
1858-1948 K. Rudzki i S-ka
1%
Nie znaleziono quizów pasujących do podanych kryteriów
Rozkład punktacji
Procent ludzi z każdym wynikiem
Percentyl według liczby udzielonych odpowiedzi
Twoja historia wyników
Nie rozwiązałeś tego quizu